000 00829nam0a22002531 4500
001 rc\785051
005 20040301143411.2
035 _a(NLR Aleph) 006310640
090 _a7347887
_c7347887
100 _a20040301d1983 u |0rusy50 ca
101 0 _arus
102 _aRU
105 _ay |||||||||
200 1 _aО применении вариационного метода к многокомпонентной диффузии
210 _aОбнинск
_cФЭИ
_d1983
215 _a14 с.
_d20
225 1 _aФизико-энергетический институт
_vФЭИ-1442
320 _aБиблиогр.: с. 14
700 1 _aГригорьев
_bГ. В.
_gГеннадий Васильевич
801 0 _aRU
_bNLR
_gpsbo
801 1 _aRU
_bELAR
_2rusmarc
852 _aNLR
_j83-4/34387
942 _cBOOK
980 _aNB